[Event "Tata Steel-A 81st"]
[Site "Wijk aan Zee"]
[Date "2019.01.22"]
[Round "9"]
[White "Kramnik, Vladimir"]
[Black "Ding, Liren"]
[Result "1/2-1/2"]
[WhiteElo "2777"]
[BlackElo "2813"]
[Annotator "Fernandez,D"]
[PlyCount "88"]
[EventDate "2019.01.12"]
[EventType "tourn"]
[EventRounds "13"]
[EventCountry "NED"]
[EventCategory "21"]
[SourceTitle "CBM 188"]
[Source "ChessBase"]
[SourceDate "2018.12.21"]
[SourceVersion "1"]
[SourceVersionDate "2018.12.21"]
[SourceQuality "1"]

1. Nf3 d5 2. d4 Nf6 3. c3 c5 4. e3 {As if forcibly reining in his creative
instincts for one game.} e6 5. Nbd2 Nbd7 6. Bd3 b6 7. Qe2 Bb7 8. O-O Be7 (8...
Ne4 $5 {is the most ambitious move, keeping ...f5 and both bishop deployments
firmly on the table.}) (8... Bd6 {is known to be most ambitious- against the
moves White played in the game, Black would be ready with ...e5, and after} 9.
e4 dxe4 10. Nxe4 Nxe4 11. Bxe4 Bxe4 12. Qxe4 {White as usual gets nothing.} O-O
13. Bg5 Be7 14. Bxe7 Qxe7 15. Rad1 Nf6 $11 {Bakre,T-Prathamesh,S Visakhapatnam
2004}) 9. b3 O-O 10. Bb2 Rc8 11. Rac1 Bd6 {That Black doesn't feel
particularly threatened is evidenced by his choice to move this bishop a
second time.} 12. c4 {The choice between playing c4 and e4 in such positions
is rather nuanced.} (12. e4 e5 $5 $13 {now leads to great mess.}) ({Of course,
there is always the option to not play either pawn break, and instead go for} 
12. Ba6 Qc7 13. Bxb7 Qxb7 {before deciding on} 14. c4) 12... cxd4 13. exd4 Qe7
14. Ne5 Ba3 $5 {Analogous to the last note, Black feels he is now well served
by a bishop trade. White would rather like to shut the h1-a8 diagonal now, to
make Black's remaining bishop worse, but this turns out to be impossible.} 15.
Bxa3 (15. Nxd7 Bxb2 (15... Nxd7 16. Bxa3 Qxa3 17. Qe3 $11 {is also fine}) 16.
Nxf8 Bxc1 17. Nxh7 Bb2 18. Ng5 Bxd4 19. Ndf3 Bc3 $1 $132) 15... Qxa3 16. f4 $5
{A major decision.} ({Probably Kramnik realised that by now the solid option,} 
16. Ndf3 {, still leaves him in a structure which is likely to prove a
long-term vulnerability. Ironically, the position would then become similar to
the Semi-Tarrasch, a line which both players employed in the Berlin Candidates
2018.} dxc4 17. bxc4 Nxe5 18. Nxe5 Rfd8 {Black has a slight initiative. Plus,
wouldn't White like to have the f5-break available here...?}) 16... g6 17. Ndf3
dxc4 18. bxc4 Qd6 ({The computer suggests} 18... Nxe5 {despite the apparent
advantages of White's pawn recapture: this is because} 19. fxe5 Bxf3 20. Qxf3
Nd5 $1 {exists (due to the c-file pin.) It is an interesting bid to take play
into an endgame, which succeeds, mostly because the alternative is playing a
major-piece-only position with the hanging pawns- this last tending to end
badly.} 21. Be2 (21. Rcd1 Nb4 22. Rf2 Nxd3 23. Rc2 Rc7 24. Qxd3 Qb4 $15) 21...
Qxf3 22. Rxf3 Ne7 {Black is more comfortable, but not better. Both sides could
conceivably outplay the other.}) 19. Qe3 Bxf3 {A classy trade!} 20. Nxf3 Rfd8
21. Rcd1 (21. Rfd1 {might be needed, to allow the d3-bishop to retreat along
the b1-h7 diagonal.}) 21... Nb8 22. Kh1 Nc6 23. Be2 Kg7 24. Qc1 h5 25. Qa1 Ne7
26. Ne5 Nf5 {Now Black is slightly better and has acheived a model position
for play against the hanging pawns.} 27. Rd3 Kg8 28. Bf3 Nd7 29. c5 Qc7 (29...
Qf8 $15 {would be remarkably unpleasant to meet: this motif of attacking a
d4-pawn using a queen from g7 was first used on me in a Fort Knox structure by
old English maestro, Keith Arkell.}) 30. Nc6 Re8 31. Ra3 a5 32. cxb6 Qxb6 33.
Rc1 Nf6 34. Rac3 Nd5 35. Rc5 (35. Bxd5 exd5 36. Rc5 Re2 $17) 35... Nxf4 36. Qc3
a4 37. Qd2 Nd5 38. h3 Kg7 39. Qf2 h4 {Establishing perfect control. Could
Black take over the joint tournament lead...?} 40. Kg1 Rc7 (40... a3 {is the
purist move.}) 41. Qe1 Rec8 42. Bxd5 exd5 43. Qb4 Qa6 $2 {Whoops. This loses
the entire advantage. It is very much an attempt to 'hit a winner'- due to the
tactic Qc3 Ng3!- so the reason for missing White's rejoinder is unclear.} (
43... Qb7 $17 {was an 'unseeable move'.}) (43... Rb8 {likewise- unless you had
appreciated that after} 44. Qxa4 Re8 45. Ne5 Rce7 {White's position was in
fact completely disintegrating. A fact which, regrettably, is not immediately
obvious to me.}) (43... Qxb4 {should be the move you play if you have doubts
about the other tactics: after} 44. Nxb4 Rxc5 45. dxc5 (45. Rxc5 Re8 46. Nxd5
Re2 $17) 45... Nd4 {(Other moves are playable too, e.g. ...d4.)} 46. Kf2 Ne6
47. c6 Nc7 $15 {A Black win is still very much on the cards.}) 44. Ne7 $1 {
Luckily, this 'invisible move' only equalises.} Rxc5 {Black bails out and
doesn't try any more.} (44... Rxe7 45. Rxc8 Qe2 {might be worth playing, but
only by a very confident person and one whose psyche was unaffected by the
recent trauma.}) ({The question is whether} 44... Rxc5 45. Nxf5+ gxf5 46. dxc5
{enables White, in his turn, to play for a win, and the answer is probably no-
after a move that covers the e3-square.} Qd3 $11 {Black will soon remind White
that his king safety is not ideal either, and nor is the d-pawn completely
innocuous.}) 1/2-1/2

[Event "Tata Steel-A 81st"]
[Site "Wijk aan Zee"]
[Date "2019.01.23"]
[Round "10"]
[White "Vidit, Santosh Gujrathi"]
[Black "Kramnik, Vladimir"]
[Result "1-0"]
[WhiteElo "2695"]
[BlackElo "2777"]
[Annotator "Vidit,S"]
[PlyCount "57"]
[EventDate "2019.01.12"]
[EventType "tourn"]
[EventRounds "13"]
[EventCountry "NED"]
[EventCategory "21"]
[SourceTitle "CBM 188"]
[Source "ChessBase"]
[SourceDate "2018.12.21"]
[SourceVersion "1"]
[SourceVersionDate "2018.12.21"]
[SourceQuality "1"]

{[%evp 0,57,80,5,0,-36,0,0,-7,-58,-75,-80,-35,-42,-34,-44,-28,-14,14,-11,-4,5,
1,-12,-10,5,-10,14,25,-16,-2,3,23,23,18,22,39,-5,-5,7,-8,28,9,13,69,28,3,29,13,
-16,28,1,4,12,41,101,101,57,101,107] After the end of Tata Steel Chess
Tournament, Kramnik soon announced his decision of retiring from chess.
Although he was far from his best form, I am lucky that I got a chance to play
against the legend himself. In fact, he was the only player from the
participants who I hadn't faced previously. Kurz nach dem Ende des
Tata-Steel-Turniers verkündete Kramnik seine Entscheidung, sich vom Schach
zurückzuziehen. Obwohl er dort bei weitem nicht in Bestform war, hatte ich
das Glück, die Chance zu haben, gegen die Legende selbst zu spielen.
Tatsächlich war er nämlich der einzige von den Teilnehmern, dem ich zuvor
noch nicht am Brett gegenüber gesessen hatte.} 1. d4 Nf6 2. c4 e6 3. Nc3 Bb4
4. f3 {After a successful first half, I had scored only half a point in the
next three games. (Yes, ironically that half point was against Anish Giri!) So
I very much wanted to get back in the event, and with this move, I was aiming
for an open fight with three results in mind. Nach erfolgreicher erster
Hälfte hatte ich in den nächsten drei Partien nur einen halben Punkt erzielt
(ja, ironischerweise war dieser gegen Anish Giri!). Daher wollte ich unbedingt
ins Turnier zurückkommen, und mit diesem Zug strebte ich einen offenen Kampf
an, mit drei Resultaten im Sinn.} d5 5. a3 Bxc3+ 6. bxc3 c5 7. cxd5 exd5 {
I was a bit surprised by this choice. Although this line was used by Carlsen
to defeat Vishy in their world championship match, it never really caught on.
Ich war ein bisschen überrascht von seiner Wahl. Obwohl bei ihrem
Weltmeisterschaftskampf Carlsen mit dieser Variante Vishy besiegt hatte,
setzte sie sich nie wirklich durch.} 8. e3 c4 9. Ne2 Nc6 10. g4 Na5 {Carlsen
went for castles first and then the same plan with Na5-b3. Carlsen wählte
zunächst die kurze Rochade und dann den gleichen Plan mit Sa5-b3.} (10... O-O
11. Bg2 Na5 12. O-O Nb3 13. Ra2 b5 14. Ng3 a5 15. g5 Ne8 16. e4 Nxc1 17. Qxc1
Ra6 18. e5 Nc7 19. f4 b4 20. axb4 axb4 21. Rxa6 Nxa6 22. f5 b3 23. Qf4 Nc7 24.
f6 g6 25. Qh4 Ne8 26. Qh6 b2 27. Rf4 b1=Q+ 28. Nf1 $4 Qe1 {0-1 (28) Anand,V 
(2775) -Carlsen,M (2870) Chennai IND 2013 0-1 (28) Anand,V (2775) -Carlsen,M 
(2870) Chennai IND 2013}) 11. Bg2 Nb3 12. Rb1 {A novelty for over the board
games. As this game was played on one of the chess on tour days, we had to
leave earlier than usual, and while walking towards the bus, my coach informed
me that the rook on b1 is better placed for a quick e2-e4. That's all I knew
about this line. Eine Neuerung in praktischen Partien. Da diese Partie an
einem der "Chess on Tour"-Tage gespielt wurde, mussten wir früher los als
sonst, und auf dem Weg zum Bus informierte mich mein Coach, dass der Turm auf
b1 besser steht für ein schnelles e2-e4. Das war alles, was ich über diese
Variante wusste.} O-O 13. O-O b5 $6 {This opens the h1-a8 diagonal. Starting
with the counter-intuitive a5 seems better. One advantage is that Black can
play Ra6 and bring the rook in the game. Dies öffnet die Diagonale h1-a8. Mit
dem kontraintuitiven a5 zu beginnen, sieht besser aus. Ein Vorteil ist, dass
Schwarz Ta6 ziehen und den Turm ins Spiel bringen kann.} (13... a5 14. e4 dxe4
15. fxe4 Bxg4) 14. e4 $1 {I played this pawn sacrifice after thinking for 5
minutes. For one pawn White gets a lot of initiative, so it was not hard for
me to convince myself. Peter Leko also remarked in the live commentary that it
doesn't even feel like White is a pawn down! Dieses Bauernopfer spielte ich
nach 5 Minuten Überlegen. Für einen Bauern bekommt Weiß eine Menge
Initiative, daher fiel es nicht schwer, mich dazu durchzuringen. Peter Leko
merkte im Livekommentar auch an, dass es sich nicht mal so anfühlt, als ob
Weiß einen Bauern weniger hat!} dxe4 15. fxe4 Nxc1 {Played instantly. I was a
little surprised by the speed of his play. If it was his preparation, I didn't
understand what I was missing. Sofort gespielt. Ich war ein wenig überrascht
von seinem Tempo. Wenn es seine Vorbereitung war, verstand ich nicht, was mir
entging.} (15... Bxg4 {This felt more natural, but the resulting position
looks ugly. Dies fühlte sich natürlicher an, aber die entstehende Stellung
sieht hässlich aus.} 16. Bg5 Qb6 17. Bxf6 gxf6 18. Qe1 {Getting out of the
pin. Geht aus der Fesselung.} Bxe2 19. Qxe2 Kh8 20. Kh1 {Now I just double
rooks on the f-file and sooner or later play e5. What can Black do? Jetzt
verdopple ich einfach die Türme in der f-Linie und spiele früher oder
später e5. Was kann Schwarz tun?}) 16. Qxc1 Bxg4 17. Nf4 Rb8 18. h3 $1 {
An important point, the immediate e5 would allow ...Nh5 when White loses some
momentum. Eine wichtige Pointe, sofortiges e5 würde ...Sh5 erlauben, wonach
Weiß einigen Schwung verliert.} (18. e5 Nh5) 18... Bd7 {Kramnik after the
game told me that he mixed up his preparation and that he had ...Bc8 in his
notes. Either I don't understand the position, or he mixed up some different
line. White's play is still very very easy. Kramnik erzählte mir nach der
Partie, er hätte seine Vorbereitung durcheinander gebracht und in seinen
Notizen ...Lc8 stehen. Entweder verstehe ich die Stellung nicht oder er meinte
irgendeine andere Variante. Das Spiel von Weiß ist so oder so superleicht.} (
18... Be6 {Dieser Zug ergibt mehr Sinn. Der sofortige Bauernvormarsch lässt
das Zentrum fragil werden. Weiß muss zuerst ein paar Vorbereitungszüge wie
De3-Tbe1 machen und erst dann d5-e5 spielen. This move makes more sense. The
immediate pushing of pawns leaves the centre fragile. White has to first make
some preparatory moves like Qe3-Rbe1 and then play d5-e5} 19. Qe3 $1 (19. d5 $6
Bc8 20. e5 Nd7 21. Qe3 Qb6 {is the point. ist die Pointe.}) 19... a5 20. Kh2
$16 {followed by d5-e5. nebst d5-e5.}) (18... Bc8 19. e5 Nd7 20. Qe3 $16) 19.
e5 $1 {I played this intuitively. Apparently move order is important. If I had
played Qe3 first Black has extra defensive possibilities. Dies spielte ich
intuitiv. Offenbar ist die Zugfolge wichtig. Bei zuerst De3 hat Schwarz
zusätzliche Verteidigungsmöglichkeiten.} (19. Qe3 Kh8 $1 20. e5 Ng8 {Too
cheeky for me to see it. Zu frech, als dass ich es gesehen hätte.}) 19... Ne8
20. Qe3 {Finally, after this move, Kramnik thought for a long time. I feel the
position is already very difficult for Black. I once read an interesting
comment about Fischer's play. " His plans are simple and straightforward but
at the same time very hard to stop" The current position gives a very similar
vibe. I am just going to push my central pawns, and I don't see how Black can
prevent it. Nach diesem Zug verfiel Kramnik endlich in langes Nachdenken.
Meines Erachtens ist die Stellung bereits sehr schwierig für Schwarz. Ich las
einmal einen interessanten Kommentar über das Spiel von Fischer: "Seine
Pläne sind einfach und geradlinig, aber gleichzeitig sehr schwer zu stoppen."
Die aktuelle Stellung verbreitet ein ganz ähnliches Gefühl. Ich rücke
einfach meine Zentrumsbauern vor, und ich sehe nicht, wie Schwarz es
verhindern kann.} Rb6 21. d5 Nc7 22. d6 {Kasparov,G (2595)-Pribyl,J (2390) EU
Team-ch07 Final 1980 (5.8) 1-0 I was aware of the classic, Kasparov-Pribyl
where Kasparov played d7! cutting the board in half. So, the decision to allow
...Ne6 at the cost of dividing the defenses was an easy one to make. Ich
kannte sehr wohl den Klassiker Kasparov-Pribyl, wo Kasparov d7! spielte und
damit das Brett zerteilte. Daher fiel die Entscheidung, ...Se6 zuzulassen, um
dafür die Verteidiger zu entzweien, nicht schwer.} Ne6 23. Nd5 Ra6 24. Rf5 $1
{It was important to stop Qg5. Now I have threats like Rh5-Ne7 Be4. The attack
just plays by itself. Es war wichtig, ...Dg5 zu verhindern. Jetzt habe ich
Drohungen wieTh5-Se7-Le4. Der Angriff spielt sich einfach von selbst.} Qh4 25.
Rbf1 $18 Rxa3 26. Ne7+ Kh8 27. Rxf7 Rxf7 28. Rxf7 {I have threats like Qf3 and
Rf8. Black is not in time to create any counterplay with the rook. Ich habe
Drohungen wie Df3 und Tf8. Schwarz schafft es nicht rechtzeitig, irgendwelches
Gegenspiel mit dem Turm aufzuziehen.} Qh5 29. Qf4 $1 {A cute finish! After the
game, my coach Alon Greenfeld and I were walking down the vibrant streets of
Leiden where suddenly a stranger walked up to us and asked if I am Vidit. Upon
confirmation, he congratulated me on the game and the final move. That's what
makes Tata steel chess such a special event! :) Ein schönes Finale! Nach der
Partie spazierten mein Trainer Alon Greenfeld und ich durch die pulsierenden
Straßen von Leiden, als plötzlich ein Fremder auf uns zukam und fragte, ob
ich Vidit sei. Als ich bejahte, gratulierte er mir zu der Partie und dem
letzten Zug. Das macht Tata Steel Chess zu einem so besonderen Event! :)} 1-0

[Event "Tata Steel-A 81st"]
[Site "Wijk aan Zee"]
[Date "2019.01.25"]
[Round "11"]
[White "Kramnik, Vladimir"]
[Black "Van Foreest, Jorden"]
[Result "1-0"]
[WhiteElo "2777"]
[BlackElo "2612"]
[Annotator "Yermolinsky,A"]
[PlyCount "131"]
[EventDate "2019.01.12"]
[EventType "tourn"]
[EventRounds "13"]
[EventCountry "NED"]
[EventCategory "21"]
[SourceTitle "CBM 188"]
[Source "ChessBase"]
[SourceDate "2018.12.21"]
[SourceVersion "1"]
[SourceVersionDate "2018.12.21"]
[SourceQuality "1"]

1. Nf3 d5 2. g3 Nf6 3. Bg2 c5 4. O-O Nc6 5. d3 e5 6. Qe1 {Kings Indian with
colors reversed.} Be7 7. e4 d4 $5 {Give Jorden credit for entering a full
fight against his still formidable opponent.} (7... dxe4 8. dxe4 Be6 {would be
easier to play for both sides.}) 8. a4 {Now Black needs to be able to figurte
out which system of many he can choose benefits the least from that extra
tempo.} O-O ({A Petrosian treatment, anyone?} 8... Bg4 9. h3 Bh5) 9. Na3 Ne8
10. Nc4 Qc7 11. b3 b6 12. Bd2 Be6 13. Qe2 f6 14. Nh4 Nd6 15. f4 Rae8 (15...
Nxc4 16. bxc4 exf4 17. gxf4 Rae8 18. Kh1 Nb4 19. f5 {with the same idea, Ng6
as in the game.}) 16. f5 Bd7 17. Ng6 Rf7 18. Qh5 Bd8 19. g4 Ne7 {[#]} 20. Rf3 (
{Computers sho the ridiculous} 20. Nxd6 Qxd6 21. Nh8 $3 {whixh forces Black to
lose the exchange, otherwise} Rff8 22. Rf3 Kxh8 23. Rh3 Kg8 24. Qxh7+ Kf7 25.
Qh5+ Kg8 26. Bf3 {steamrolls him.}) 20... Nxg6 21. fxg6 hxg6 22. Qxg6 Nxc4 23.
bxc4 Qc8 24. Rg3 Be6 25. Rf1 Qd7 26. Bf3 Qxa4 27. Bd1 Qd7 28. Rh3 Kf8 29. Rh7
Ke7 30. Rxg7 Rxg7 31. Qxg7+ Kd6 32. Qxd7+ Bxd7 {A very complex ending has been
reached. For a while both players did well enough to keep it within the bounds
of equality.} 33. Kg2 a5 34. h4 a4 35. Bc1 Be7 36. Kg3 Ra8 37. Ba3 Rg8 38. Be2
Bd8 39. h5 Be8 40. Kh3 Rh8 41. Bc1 Be7 42. Bd2 Bd7 43. Kg3 Ra8 44. Rb1 {[#]} b5
{An interesting winning attempt.} (44... Kc7 $11) 45. cxb5 a3 46. b6 a2 47. Ra1
Kc6 48. g5 $1 {excellent from Vlad. Finally he gets to activate his LSB} fxg5
49. Bg4 Be8 $2 {A little too much.} (49... Bxg4 50. Kxg4 Kxb6 51. h6 Bf6 52.
Bxg5 Bh8 53. Kf5 Ra7 54. Kg6 Kb5 55. Bd2 {boils down to a draw, as neither
side can queen their pawn.}) 50. Be6 $1 $18 Kxb6 51. Kg4 c4 52. h6 cxd3 53.
cxd3 Bb5 54. Rxa2 Rxa2 55. Bxa2 Bxd3 56. Kf5 Bf8 57. h7 Bg7 58. Bxg5 Bc2 59.
Bd5 {Last preparation before the king march.} d3 60. Kg6 Bh8 61. Kf7 Kc5 62.
Kg8 Bf6 63. Bxf6 d2 64. h8=Q d1=Q 65. Kf7 Bd3 66. Qh2 1-0

[Event "Moscow Chess for TV"]
[Site "Moscow"]
[Date "2019.06.15"]
[Round "3.1"]
[White "Kramnik, Vladimir"]
[Black "Nepomniachtchi, Ian"]
[Result "0-1"]
[WhiteElo "2753"]
[BlackElo "2775"]
[PlyCount "115"]
[EventDate "2019.06.10"]
[EventType "k.o."]
[EventRounds "6"]
[EventCountry "RUS"]
[SourceTitle "CBM 190 Extra"]
[Source "ChessBase"]
[SourceDate "2019.07.15"]
[SourceVersion "1"]
[SourceVersionDate "2019.07.15"]
[SourceQuality "1"]

1. d4 Nf6 2. Nf3 g6 3. g3 Bg7 4. Bg2 d5 5. O-O O-O 6. a4 a5 7. b3 c6 8. Nbd2
Bf5 9. Ba3 Re8 10. e3 Qc8 11. c4 Bh3 12. cxd5 Bxg2 13. Kxg2 Nxd5 14. Rc1 Nd7
15. e4 Nb4 16. Qe2 Qb8 17. Nc4 Qa7 18. Rfd1 Rad8 19. Qe1 c5 20. d5 Nb6 21. Nxb6
Qxb6 22. Qe3 Rc8 23. e5 Red8 24. Bxb4 axb4 25. Rc4 Qc7 26. Qf4 b6 27. Ng5 Rf8
28. Re1 Qb7 29. Qe4 Rcd8 30. a5 bxa5 31. Rxc5 Rc8 32. Rxa5 h6 33. Nf3 Rfd8 34.
e6 f5 35. Qd3 Rc3 36. Qb5 Qxb5 37. Rxb5 Rxb3 38. Ne5 Bxe5 39. Rxe5 Kg7 40. Re2
Kf6 41. Rc2 Rc3 42. Rxc3 bxc3 43. Rc5 c2 44. Rxc2 Rxd5 45. h4 Kxe6 46. Rc8 Kf6
47. Rf8+ Kg7 48. Re8 Rd7 49. Ra8 g5 50. hxg5 hxg5 51. Ra5 Kf6 52. Ra6+ e6 53.
Rb6 Rd3 54. Ra6 f4 55. gxf4 gxf4 56. f3 Rd2+ 57. Kf1 Rb2 58. Rb6 0-1

[Event "Moscow Chess for TV"]
[Site "Moscow"]
[Date "2019.06.15"]
[Round "3.2"]
[White "Nepomniachtchi, Ian"]
[Black "Kramnik, Vladimir"]
[Result "1/2-1/2"]
[WhiteElo "2775"]
[BlackElo "2753"]
[PlyCount "62"]
[EventDate "2019.06.10"]
[EventType "k.o."]
[EventRounds "6"]
[EventCountry "RUS"]
[SourceTitle "CBM 190 Extra"]
[Source "ChessBase"]
[SourceDate "2019.07.15"]
[SourceVersion "1"]
[SourceVersionDate "2019.07.15"]
[SourceQuality "1"]

1. e4 g6 2. d4 Bg7 3. Nc3 d6 4. Be3 a6 5. h3 b5 6. f4 Bb7 7. Bd3 c5 8. dxc5
dxc5 9. Bxc5 Qc7 10. Be3 Bxc3+ 11. bxc3 Nf6 12. Bd4 Nc6 13. Bxf6 exf6 14. Qd2
O-O 15. Nf3 Na5 16. O-O Nc4 17. Bxc4 Qxc4 18. e5 Rac8 19. exf6 Qxc3 20. Qxc3
Rxc3 21. Ne5 Rxc2 22. Rf2 Rxf2 23. Kxf2 Bd5 24. a3 Rc8 25. Rd1 Be6 26. Rd6 Ra8
27. Rb6 Kf8 28. g4 Ke8 29. Rb7 Rc8 30. Re7+ Kf8 31. Ra7 Ke8 1/2-1/2

[Event "Moscow Chess for TV"]
[Site "Moscow"]
[Date "2019.06.16"]
[Round "4.1"]
[White "Kramnik, Vladimir"]
[Black "Karjakin, Sergey"]
[Result "1/2-1/2"]
[WhiteElo "2753"]
[BlackElo "2748"]
[PlyCount "119"]
[EventDate "2019.06.10"]
[EventType "k.o."]
[EventRounds "6"]
[EventCountry "RUS"]
[SourceTitle "CBM 190 Extra"]
[Source "ChessBase"]
[SourceDate "2019.07.15"]
[SourceVersion "1"]
[SourceVersionDate "2019.07.15"]
[SourceQuality "1"]

1. e4 e5 2. Nf3 Nc6 3. Bc4 Bc5 4. c3 Nf6 5. d3 d6 6. O-O a6 7. Bb3 O-O 8. Re1
Ba7 9. h3 Re8 10. Nbd2 Be6 11. Nf1 h6 12. Be3 Bxe3 13. Nxe3 Bxb3 14. Qxb3 Qd7
15. Rad1 Ne7 16. d4 exd4 17. Nxd4 Ng6 18. f3 Rab8 19. Ndf5 Qb5 20. c4 Qe5 21.
Qc2 Nf4 22. Qf2 h5 23. Kh1 g6 24. Nd4 c6 25. h4 Rbd8 26. g3 Ne6 27. Nxe6 Qxe6
28. Kg2 Nd7 29. b3 Ne5 30. Rd4 Qf6 31. Red1 Re6 32. f4 Ng4 33. Nxg4 hxg4 34. e5
Qe7 35. Qd2 f6 36. Qd3 Kg7 37. Rxd6 Rexd6 38. exd6 Qe6 39. d7 Kf7 40. Kf2 f5
41. Qd4 Qe7 42. c5 Qe6 43. Rd2 Kg8 44. b4 Kf7 45. a4 Qe7 46. Qc4+ Kg7 47. Qd4+
Kh6 48. Qe5 Qf7 49. Qd6 Qb3 50. Qd3 Qxb4 51. Qd4 Qb3 52. Rd3 Qa2+ 53. Rd2 Qb3
54. Rd3 Qa2+ 55. Kg1 Qb1+ 56. Kg2 Qa2+ 57. Rd2 Qb3 58. Qf6 Qe3 59. Qxd8 Qxd2+
60. Kg1 1/2-1/2